| 000 | 00745nas a2200253 4500 | ||
|---|---|---|---|
| 001 | BR9406994 | ||
| 003 | BR-BrBNA | ||
| 005 | 20231205093804.0 | ||
| 007 | ta | ||
| 008 | 230509b bl.|||p| |||| 00| 00por d | ||
| 040 |
_aBR-BrBNA _bpor _cBiblioteca Nacional de Agricultura |
||
| 041 | _a(Pt) | ||
| 072 | _aJ11; Q02 | ||
| 100 | 1 | _aSilva, J.L.O. | |
| 100 | 1 | _aCalbo, A.G. | |
| 245 | 1 | _aAn apparatus to study compression stress in fruits and sugetablies | |
| 650 | _aTomate | ||
| 650 | _aArmazenamento | ||
| 650 | _aStress | ||
| 650 | _aEquipamento | ||
| 773 | 0 |
_tPesquisa Agropecuaria Brasileira (Brazil) _xISSN 0100-240X _g(May 1992), v. 27(5) p. 737-742 _wBR9406994 |
|
| 909 |
_a202311 _bLúcia _c55 _dLúcia Elande |
||
| 942 |
_2AGRIS _n0 _cANA |
||
| 999 |
_c140400 _d140400 |
||